000 00647nam a2200181 i 4500
001 43872
003 ES-MaACL
005 20230906160909.0
007 t|
008 030320s1942 it ||||1| ita d
100 1 _aCavallone, Lea.
_937154
245 1 2 _aI maestri e le piccole senole di Port-Royal /
_cLea Cavallone.
260 _aTorino, etc. :
_bS. B. Paravia,
_c1942] (
_fTip. Collegio Artigianelli)
300 _a191 p. ;
_c25 cm.
500 _aPrecede al tít.: R. Universitá di Torino, Publicazioni della Facoltá di Magisterio.
710 2 _aUniversita di Torino.
_bFacultá di Magisterio.
_97474
852 _aES-MaACL
_jF-16122
_bR.20860
999 _c43872
_d43872